Zdaňovanie zamestnaneckých akcií a obchodných podielov
ESOP (Employee Stock Ownership) ako benefit pre zamestnancov, kedy zamestnávateľ ponúkne zamestnancovi opcie na obchodné podiely/akcie alebo samotné obchodné podiely či akcie, čím mu dá možnosť participovať do určitej miery na samotnej spoločnosti a tým ho aj motivuje k dosahovaniu vyššej efektívnos...
Salvato in:
| Autore principale: | |
|---|---|
| Natura: | Capitolo di libro |
| Lingua: | slovacco |
| Soggetti: | |
| Tags: |
Nessun Tag, puoi essere il primo ad aggiungerne!!
|
MARC
| LEADER | 00000naa a2200000 4500 | ||
|---|---|---|---|
| 001 | 0313478 | ||
| 005 | 20251204122603.6 | ||
| 041 | 0 | |a slo | |
| 044 | |a SK | ||
| 245 | 1 | 0 | |a Zdaňovanie zamestnaneckých akcií a obchodných podielov |c Simona Jurišová |
| 520 | |a ESOP (Employee Stock Ownership) ako benefit pre zamestnancov, kedy zamestnávateľ ponúkne zamestnancovi opcie na obchodné podiely/akcie alebo samotné obchodné podiely či akcie, čím mu dá možnosť participovať do určitej miery na samotnej spoločnosti a tým ho aj motivuje k dosahovaniu vyššej efektívnosti práce so zámerom dosiahnutia vyššieho zisku spoločnosti, čo v konečnom dôsledku znamená vyššiu finančnú odmenu pre zamestnanca. Zdaňovanie zamestnaneckých akcií a obchodných podielov v s. r. o. do 31. 12. 2023 a od 1. 1. 2024. | ||
| 610 | 2 | 0 | |a účtovníctvo daňové |
| 610 | 2 | 0 | |a dane z príjmov |
| 610 | 2 | 0 | |a akcie zamestnanecké |
| 610 | 2 | 0 | |a podiely obchodné |
| 610 | 2 | 0 | |a zamestnanci |
| 610 | 2 | 0 | |a benefity |
| 610 | 2 | 0 | |a spoločnosti s r.o. |
| 610 | 2 | 0 | |a zákony |
| 610 | 2 | 0 | |a novelizácia |
| 100 | 1 | |a Jurišová, Simona | |